000 00241nam a22000857a 4500
008 161201b xxu||||| |||| 00| 0 eng d
100 _91637
_aBhatt. C
245 _aPrimary interaction in english literature reader
260 _aNew delhi
_bFrank
_c2005
999 _c4351
_d4351